=LDR 00000nam 2200000 4500 =001 INLIS000000000041097 =005 20130612150640 =008 ***********************************Ind** =035 ##$$0010-061300000041097 =041 ##$$a Ind =082 ##$$a 332.11 =090 ##$$a 332.11, Sug k =100 ##$$a Sugiyono F.X =245 ##$$a Sugiyono, F.X =260 ##$$a 2003 $b Jakarta =300 ##$$a 63 hlm, ilus, 21 cm =650 ##$$a Bank Sentral =850 ##$$a NBPNMAT